000 00467nam a22001577a 4500
005 20251108171240.0
008 250721s9999 xx 000 0 ara d
082 1 4 _aم/910/قزو
100 1 _aالقزويني، زكريا بن محمد بن محمود
245 1 0 _aأثار البلاد وأخبار العباد /
264 1 _aبيروت :
_bدار صادر،
_c[19-].
300 _a667ص
650 1 7 _aجغرافيا
942 _2ddc
_cREF
999 _c60412
_d60412